I Trobada d'Estudiosos de Garraf : comunicacions presentades el 27 d'octubre de 1989 al Palau Maricel de Sitges comunicacions presentades el 27 d'octubre de 1989 al Palau Maricel de Sitges
Descripción Física:
159 p. : il. ; 30 cm
Colección:
Monografies ; 19
Materias:
Garraf -- Congressos
MARC
| LEADER | 00000nam a2200000Ia 4500 | ||
|---|---|---|---|
| 001 | 9773 | ||
| 008 | 160829s1992 xx 000 0 cat d | ||
| 080 | |a C-1-99 | ||
| 111 | 2 | |a Trobada d'Estudiosos del Garraf |n (1a : |d 1989 : |c Sitges, Catalunya) |9 55749 | |
| 245 | |a I Trobada d'Estudiosos de Garraf : |b comunicacions presentades el 27 d'octubre de 1989 al Palau Maricel de Sitges | ||
| 260 | |a Barcelona : |b Diputació de Barcelona. Servei de Parcs Naturals, |c 1992 | ||
| 300 | |a 159 p. : |b il. ; |c 30 cm | ||
| 490 | |a Monografies ; 19 | ||
| 650 | |a Garraf |x Congressos |9 48663 | ||
| 710 | |a Barcelona (Catalunya : Província). |b Servei de Parcs Naturals |9 53492 | ||
| 901 | |a Arxiu | ||
| 942 | |n 1 | ||
| 952 | |0 0 |1 0 |4 0 |6 C199 |7 1 |9 43618 |a Arxiu |b Arxiu |d 2016-12-01 |l 0 |o C-1-99 |p 9773 |r 2016-12-01 00:00:00 |w 2016-12-01 |y ARXIU | ||
| 999 | |c 46166 |d 46166 | ||